000 01041nam a22002417a 4500
999 _c63910
_d63910
005 20240530110705.0
008 180115s2016 ua g 000 0 ara d
017 _a2015/20501
_bمصر. دار الكتب
020 _a9789777292740
040 _aEG-CaGPL
_cEG-CaGPL
082 0 4 _221
_a346.0488 /
_bش ح
100 0 _aشريف محمد غنام
245 1 0 _aحماية العلامات التجارية عبر شبكة الانترنت من الاعتداء عليها من العنوان الالكتروني :
_bدراسة تطبيقية = Domain Name /
_cشريف محمد غنام
260 _aالاسكندرية :
_bدار الجامعة الجديدة ،
_c2016.
300 _a290 ص. ؛
_c24 سم.
504 _aيشتمل على ارجاعات ببليوجرافية
650 0 7 _2qrmak
_aالعلامات التجارية
650 0 7 _2qrmak
_aالتراخيص
650 0 7 _2qrmak
_aالتجارة
650 0 7 _2qrmak
_aالملكية التبعية
942 _2ddc
_cBK